Faculty of Law Library — Cairo University

Official Online Catalog

Les réfugiés dans l'après-guerre: (Record no. 49367)

MARC details
000 -LEADER
fixed length control field 00911nam a2200277 4500
003 - CONTROL NUMBER IDENTIFIER
control field EG-GICUC
005 - DATE AND TIME OF LATEST TRANSACTION
control field 20260121101445.0
008 - FIXED-LENGTH DATA ELEMENTS--GENERAL INFORMATION
fixed length control field 251209s1951 sz ||||fr|||| 00| 0 fre d
040 ## - CATALOGING SOURCE
Original cataloging agency EG-GICUC
Language of cataloging fre
Transcribing agency EG-GICUC
Modifying agency EG-GICUC
Description conventions rda
041 0# - LANGUAGE CODE
Language code of text/sound track or separate title fre
082 04 - DEWEY DECIMAL CLASSIFICATION NUMBER
Edition number 21
Classification number 341.48
Item number UN . R
092 04 - LOCALLY ASSIGNED DEWEY CALL NUMBER (OCLC)
Edition number 21
099 ## - LOCAL FREE-TEXT CALL NUMBER (OCLC)
Classification number Law1 11 341.48 UN . R 1951
110 1# - MAIN ENTRY--CORPORATE NAME
Form subheading Nations Unies
Relator term Auteur
245 10 - TITLE STATEMENT
Title Les réfugiés dans l'après-guerre:
Remainder of title Rapport Preliminaire D'un Groupe D'etude Sur Le Probleme Des Refugies/
Statement of responsibility, etc. Nations Unies .
264 #1 - PRODUCTION, PUBLICATION, DISTRIBUTION, MANUFACTURE, AND COPYRIGHT NOTICE
Place of production, publication, distribution, manufacture Geneve :
Name of producer, publisher, distributor, manufacturer Nations Unies ,
Date of production, publication, distribution, manufacture, or copyright notice 1951 .
300 ## - PHYSICAL DESCRIPTION
Extent 430 Pages;
Dimensions 24 cm.
336 ## - CONTENT TYPE
Source rda content
Content type term text
337 ## - MEDIA TYPE
Source rda media
Media type term Computer
338 ## - CARRIER TYPE
Source rda carrier
Carrier type term Online Resource
546 ## - LANGUAGE NOTE
Language note Texte en français
650 1# - SUBJECT ADDED ENTRY--TOPICAL TERM
Topical term or geographic name entry element Droit international public
856 40 - ELECTRONIC LOCATION AND ACCESS
Uniform Resource Identifier <a href="https://fll.law.cu.edu.eg/fulltext/bks/B11-05410.pdf">https://fll.law.cu.edu.eg/fulltext/bks/B11-05410.pdf</a>
905 ## - Cataloger and Reviser Names
Cataloger Name: Logain Ashraf
942 ## - ADDED ENTRY ELEMENTS (KOHA)
Source of classification or shelving scheme Dewey Decimal Classification
Suppress in OPAC No
Koha item type Books
Edition 21
Holdings
Withdrawn status Lost status Source of classification or shelving scheme Damaged status Not for loan Collection Home library Current library Date acquired Total checkouts Full call number Barcode Date last seen Copy number Price effective from Koha item type
    Dewey Decimal Classification   Not for loan القانون الدولي العام جــــامعة القــاهرة مكتبة كلية الحقوق - المبنى الرئيسي 09.12.2025   Law1 11 341.48 UN . R 1951 1105410 C1 B11-05410 09.12.2025 1 09.12.2025 Books

© All rights reserved — Faculty of Law, Cairo University